Faculty of Law Library — Cairo University

Official Online Catalog

Bibliography Of International Humanitarian Law Applicable In Armed Conflicts / (Record no. 57415)

MARC details
000 -LEADER
fixed length control field 01099nam a22003257i 4500
003 - CONTROL NUMBER IDENTIFIER
control field EG-GICUC
005 - DATE AND TIME OF LATEST TRANSACTION
control field 20260121101734.0
008 - FIXED-LENGTH DATA ELEMENTS--GENERAL INFORMATION
fixed length control field 260118s1980 us ||||frb|| 00|1|||eng d
040 ## - CATALOGING SOURCE
Original cataloging agency EG-GiCUC
Transcribing agency EG-GiCUC
Modifying agency EG-GiCUC
Description conventions Rda
Language of cataloging eng
041 ## - LANGUAGE CODE
Language code of text/sound track or separate title eng
082 04 - DEWEY DECIMAL CLASSIFICATION NUMBER
Edition number 21
Classification number 341.48
Item number BI
092 04 - LOCALLY ASSIGNED DEWEY CALL NUMBER (OCLC)
Edition number 21
099 ## - LOCAL FREE-TEXT CALL NUMBER (OCLC)
Classification number Law1 11 341.48 BI 1980
245 00 - TITLE STATEMENT
Title Bibliography Of International Humanitarian Law Applicable In Armed Conflicts /
Statement of responsibility, etc. International Committee of the Red Cross.
264 #1 - PRODUCTION, PUBLICATION, DISTRIBUTION, MANUFACTURE, AND COPYRIGHT NOTICE
Place of production, publication, distribution, manufacture Geneva :
Name of producer, publisher, distributor, manufacturer International Committee of the Red Cross,
Date of production, publication, distribution, manufacture, or copyright notice 1980.
300 ## - PHYSICAL DESCRIPTION
Extent xxxix, 389 pages ;
Dimensions 24 cm.
336 ## - CONTENT TYPE
Source rda contenu
Content type term texte
337 ## - MEDIA TYPE
Source rda medias
Media type term Ordinateur
338 ## - CARRIER TYPE
Source transporteur rda
Carrier type term Ressource en ligne
500 ## - GENERAL NOTE
General note Includes index
504 ## - BIBLIOGRAPHY, ETC. NOTE
Bibliography, etc. note <br/><br/><br/>
546 ## - LANGUAGE NOTE
Language note Text in English
650 14 - SUBJECT ADDED ENTRY--TOPICAL TERM
Topical term or geographic name entry element humanitarian law
General subdivision Public international law
650 14 - SUBJECT ADDED ENTRY--TOPICAL TERM
Topical term or geographic name entry element Armed Conflicts
710 #2 - ADDED ENTRY--CORPORATE NAME
Corporate name or jurisdiction name as entry element International Committee of the Red Cross
710 #2 - ADDED ENTRY--CORPORATE NAME
Corporate name or jurisdiction name as entry element Institut Henry-Dunant
856 40 - ELECTRONIC LOCATION AND ACCESS
Uniform Resource Identifier <a href="https://fll.law.cu.edu.eg/fulltext/bks/B11-06986.pdf">https://fll.law.cu.edu.eg/fulltext/bks/B11-06986.pdf</a>
905 ## - Cataloger and Reviser Names
Cataloger Name: Rawan khaled
942 ## - ADDED ENTRY ELEMENTS (KOHA)
Source of classification or shelving scheme Dewey Decimal Classification
Koha item type Books
Edition 21
Suppress in OPAC No
Holdings
Withdrawn status Lost status Source of classification or shelving scheme Damaged status Not for loan Collection Home library Current library Date acquired Total checkouts Full call number Barcode Date last seen Copy number Price effective from Koha item type
    Dewey Decimal Classification   Not for loan القانون الدولي العام جــــامعة القــاهرة مكتبة كلية الحقوق - المبنى الرئيسي 18.01.2026   Law1 11 341.48 BI 1980 1106986 C1 B11-06986 18.01.2026 1 18.01.2026 Books

© All rights reserved — Faculty of Law, Cairo University